000 00507nmm a2200169Ia 4500
008 251105s9999||||xx |||||||||||||||||und||
020 _a9788416421787
041 _aspa
100 _aCamarero, Jesús
245 0 _aNarratividad y hermenéutica literaria
264 _a[Madrid, España] :
_bAnthropos,
_c2017
300 _a176 páginas
490 _aPensamiento crítico / Pensamiento utópico
650 _aLiterature, Theory
856 _uhttps://public.digitaliapublishing.com/a/54651
942 _cCF
999 _c77765
_d77765